| 000 | 00985nam a2200265 i 4500 | ||
|---|---|---|---|
| 001 | 94807 | ||
| 003 | ES-MaACL | ||
| 005 | 20250820095810.0 | ||
| 007 | t| | ||
| 008 | 050516s1905 ag ||||1| spa d | ||
| 080 | _a989.2"17" | ||
| 080 | _a271.5(892)"16/17" | ||
| 100 | 1 |
_aLozano, Pedro. _974425 |
|
| 245 | 1 | 0 |
_aHistoria de las revoluciones de la provincia del Paraguay _b: (1721-1735) / _cPedro Lozano. |
| 260 |
_aBuenos Aires : _bCabaut y Cía., _c1905. |
||
| 300 |
_a2 v. ; _c23 cm. |
||
| 490 | 1 |
_aBiblioteca de la Junta de Historia y Numismática Americana ; _v2 |
|
| 505 | 8 | _aContiene: T.I. Antequera -- T.II. Los comuneros | |
| 600 | 1 | 4 |
_aAntequera y Castro, José de. _9141220 |
| 610 | 2 | 4 |
_aJesuitas- _zParaguay _95360 |
| 651 | 4 |
_aParaguay- _xHistoria- _y1717-1735, Revolución de los Comuneros. _9141219 |
|
| 830 | 0 |
_aBiblioteca de la Junta de Historia y Numismática Americana ; _v2 _9187162 |
|
| 852 |
_aES-MaACL _jD-4062-63 |
||
| 999 |
_c94807 _d94807 |
||